000 00731nam a22001935i 4500
001 160549
003 ES-MaACL
005 20230906212051.0
008 940301s1859 sp |||| | spa d
040 _aAS
_bspa
100 1 _aNavarro, Joaquín J.
_9130416
245 1 0 _aApuntes sobre el estado de la costa occidental de Africa, y principalmente de las posesiones españolas en el Golfo de Guinea /
_cpor Joaquín J. Navarro ; publicados de Real Orden.
260 _aMadrid :
_b[s.n.],
_c1859 (
_fImprenta Nacional)
300 _a167 p. ;
_c24 cm.
651 4 _aGuinea Ecuatorial-
_xDescripción.
_98807
752 _aEspaña -
_d, Madrid
852 _aES-MaACL
_jB-4377
_z-- Rust.
852 _aES-MaACL
_jG-12506
_z-- Enc. hol.
999 _c160549
_d160549